[Event "Olimpiade 2014 - Open"]
[Site "Tromsø"]
[Date "10.08.2014"]
[Round "8.60"]
[Board "4"]
[White "Jameson, David"]
[Black "Lee, Jun Hyeok"]
[Result "0-1"]
[WhiteElo "2125"]
[BlackElo "1884"]
[WhiteTeam "Wales"]
[BlackTeam "South Korea"]
[WhiteFideId "1801538"]
[BlackFideId "13202340"]
[EventDate "2014.08.02"]

1. d4 Nf6 2. c4 g6 3. Nc3 d5 4. Nf3 Bg7 5. Qb3 dxc4 6. Qxc4 O-O 7. e4 Nc6 8. Be2
Bg4 9. Be3 Nd7 10. Rd1 Bxf3 11. Bxf3 e5 12. Ne2 exd4 13. Nxd4 Nde5 14. Qa4 Nxd4
15. Bxd4 b5 16. Qb4 Nc6 17. Bxg7 Nxb4 18. Rxd8 Rfxd8 19. Bf6 Re8 20. a3 Nd3+ 21.
Kd2 Ne5 22. Be2 Re6 23. Bg5 Nc4+ 24. Bxc4 bxc4 25. f3 Rb8 26. Kc2 f5 27. exf5
Re2+ 28. Kc3 Rxg2 29. Bf4 Rb3+ 30. Kxc4 Rxf3 31. Bg3 Rxf5 32. Rd1 Rxb2 33. Rd8+
Kg7 34. Rd7+ Kh6 35. Bxc7 Rc2+ 36. Kb3 Re2 37. Bd6 a5 38. Kc4 Re4+ 39. Kd3 Ra4
40. Ke3 Rc4 41. Kd3 Rc6 42. Ke4 Rf2 43. h4 Rxd6 44. Rxd6 Rh2 45. Rd3 Rxh4+ 46.
Kd5 Kg5 47. Kc5 Rf4 48. Kb6 a4 49. Ka5 h5 50. Rg3+ 0-1

[Event "Olimpiade 2014 - Open"]
[Site "Tromsø"]
[Date "10.08.2014"]
[Round "8.62"]
[Board "1"]
[White "Chinasamy, Devarajen"]
[Black "Gruenfeld, Yehuda"]
[Result "1/2-1/2"]
[WhiteTitle "CM"]
[BlackTitle "GM"]
[WhiteElo "2085"]
[BlackElo "2448"]
[WhiteTeam "Mauritius"]
[BlackTeam "ICCD"]
[WhiteFideId "9700072"]
[BlackFideId "2800020"]
[EventDate "2014.08.02"]

1. e4 c5 2. Nf3 e6 3. d4 cxd4 4. Nxd4 a6 5. Nc3 b5 6. a3 Bb7 7. Be2 Qc7 8. O-O
Nf6 9. Bf3 Nc6 10. Nxc6 dxc6 11. Qe2 e5 12. b3 Be7 13. Bb2 O-O 14. Nd1 g6 15.
Ne3 h5 16. Rfd1 Rfe8 17. Rd2 Rad8 18. Rad1 Rxd2 19. Rxd2 Bc5 20. b4 Bd4 21. c3
Ba7 22. c4 Bd4 23. c5 Bxb2 24. Rxb2 Rd8 25. Rd2 Bc8 26. Qd1 Rxd2 27. Qxd2 Qd7
28. Qxd7 Bxd7 29. g3 Be6 30. Bg2 Kf8 31. Kf1 Ba2 32. Ke2 Ke7 33. f3 Be6 34. Kd2
h4 35. Ke2 Nh5 36. Kf2 Bd7 37. Bf1 f5 38. exf5 gxf5 39. Ng2 hxg3+ 40. hxg3 Kf6
41. Bd3 Kg5 42. Bc2 f4 43. gxf4+ exf4 44. Ne1 Kf6 45. Bd3 Ke5 46. Nc2 Ng3 47.
Ke1 Be6 48. Kd2 Bd5 49. Ne1 Kf6 50. Kc3 Nh5 51. Kd4 Ng7 52. Be4 Ne6+ 53. Kd3 Ke5
54. Bxd5 Kxd5 55. Kc3 Ke5 56. Nd3+ Kf5 57. Ne1 Ng5 58. Kd4 Ne6+ 59. Kc3 Ke5 60.
Nd3+ Kd5 61. Ne1 a5 62. Nd3 a4 63. Ne1 Ke5 64. Kd3 Nd4 65. Kc3 Ne2+ 66. Kd2 Nd4
67. Kc3 Ne6 68. Kd3 Ng5 69. Kc3 Kf5 70. Kd4 Ne6+ 71. Kd3 Ke5 72. Kc3 Nc7 73.
Nd3+ Kf5 74. Kd4 Ne6+ 75. Kc3 Ng5 76. Ne1 Nf7 77. Nc2 Ke5 78. Ne1 Ng5 79. Kd3
Nh3 80. Kc3 Ng1 81. Kd3 Kd5 82. Kc3 Ne2+ 83. Kd2 Nd4 84. Kc3 Ne2+ 85. Kd2 Ng1
86. Kc3 Ke5 87. Kd3 Kf5 88. Kd4 Ne2+ 89. Kd3 Ng1 1/2-1/2

[Event "Olimpiade 2014 - Open"]
[Site "Tromsø"]
[Date "10.08.2014"]
[Round "8.62"]
[Board "3"]
[White "Goorsahye, Antoine"]
[Black "Klasan, Vladimir"]
[Result "0-1"]
[BlackTitle "IM"]
[WhiteElo "1760"]
[BlackElo "2365"]
[WhiteTeam "Mauritius"]
[BlackTeam "ICCD"]
[WhiteFideId "9700110"]
[BlackFideId "934054"]
[EventDate "2014.08.02"]

1. e4 c5 2. Nf3 d6 3. d4 cxd4 4. Nxd4 Nf6 5. Nc3 Nc6 6. Bb5 Bd7 7. O-O g6 8. Be3
Bg7 9. h3 O-O 10. Nxc6 bxc6 11. Bc4 a5 12. a4 Qb8 13. Bb3 Qb4 14. Qf3 c5 15. Bd5
Rab8 16. Bd2 Nxd5 17. exd5 Qxb2 18. Rfc1 Qb4 19. g4 Qc4 20. Re1 e6 21. Re4 Qa6
22. Rae1 e5 23. g5 Bf5 24. h4 f6 25. h5 fxg5 26. Bxg5 Bxe4 27. Qxe4 Rb4 28. Qg2
Qc8 29. Ne4 Qd7 30. Re3 Rf5 31. Rg3 Qxa4 32. Nd2 Qxc2 33. hxg6 h6 34. Be3 Qd1+
35. Nf1 Rb1 36. Rh3 Rf6 37. Rg3 a4 38. Qh3 a3 39. Qc8+ Rf8 40. Qe6+ Kh8 41. Qh3
a2 42. Bxh6 Qxf1+ 0-1

[Event "Olimpiade 2014 - Open"]
[Site "Tromsø"]
[Date "10.08.2014"]
[Round "8.62"]
[Board "4"]
[White "Anarkulov, Alisher"]
[Black "Koster, Jeroen Louis"]
[Result "1-0"]
[WhiteElo "2222"]
[BlackElo "1846"]
[WhiteTeam "ICCD"]
[BlackTeam "Mauritius"]
[WhiteFideId "14201038"]
[BlackFideId "9700161"]
[EventDate "2014.08.02"]

1. e4 e5 2. Nf3 Nc6 3. Bb5 a6 4. Ba4 Nf6 5. d3 b5 6. Bb3 Be7 7. a4 Rb8 8. axb5
axb5 9. Nc3 O-O 10. O-O d6 11. h3 Be6 12. Nd5 Qd7 13. c3 Ra8 14. Rxa8 Rxa8 15.
Nxe7+ Qxe7 16. Bg5 h6 17. Bh4 Na5 18. Bc2 c5 19. d4 Nc4 20. Qc1 Kh7 21. b3 Na5
22. Qd1 Rc8 23. dxe5 dxe5 24. Nxe5 Bxb3 25. Ng4 Bxc2 26. Qxc2 Kh8 27. e5 g5 28.
Nxf6 1-0

[Event "Olimpiade 2014 - Open"]
[Site "Tromsø"]
[Date "10.08.2014"]
[Round "8.63"]
[Board "1"]
[White "Manuel, Enofre Efren D."]
[Black "Gaealafshwe, Barileng"]
[Result "1/2-1/2"]
[BlackTitle "CM"]
[WhiteElo "1950"]
[BlackElo "2222"]
[WhiteTeam "Guam"]
[BlackTeam "Botswana"]
[WhiteFideId "31000053"]
[BlackFideId "11300310"]
[EventDate "2014.08.02"]

1. c4 e6 2. Nf3 d5 3. d4 Nf6 4. Nc3 Nbd7 5. g3 Be7 6. Bg2 O-O 7. cxd5 exd5 8.
O-O c6 9. Qc2 Re8 10. Re1 Bd6 11. Nh4 Nf8 12. Bg5 Ne6 13. Bxf6 Qxf6 14. e3 Bd7
15. Nf3 Rad8 16. h3 h5 17. Rad1 Nf8 18. e4 dxe4 19. Nxe4 Qg6 20. Nh4 Qh6 21.
Nxd6 Qxd6 22. Rxe8 Rxe8 23. d5 cxd5 24. Rxd5 Qb4 25. Qd2 Qxd2 26. Rxd2 b6 27. a3
Re1+ 28. Kh2 g6 29. Bd5 Kg7 30. Nf3 Re7 31. Nd4 Kf6 32. Nc6 Bxc6 33. Bxc6 Rc7
34. Bb5 Ne6 35. Kg2 g5 36. Rd7 Rxd7 37. Bxd7 Nc5 38. Bb5 Ne4 39. Kf3 Nd6 40. Bd3
Ke5 41. Ke3 h4 42. gxh4 gxh4 43. f4+ Kd5 44. b3 a5 45. Bh7 f5 46. Bg8+ Kc5 47.
Be6 Nb5 48. Bxf5 Nxa3 49. Bd3 Nb5 50. f5 Nc7 51. Kf4 Kd6 52. Kg5 Ke5 53. Kxh4
Kf6 54. Kg4 b5 55. h4 a4 56. bxa4 bxa4 57. Bc4 Ne8 1/2-1/2

[Event "Olimpiade 2014 - Open"]
[Site "Tromsø"]
[Date "10.08.2014"]
[Round "8.63"]
[Board "2"]
[White "Khetho, Phemelo"]
[Black "Soriano, Rudolph P."]
[Result "1-0"]
[WhiteTitle "FM"]
[WhiteElo "2195"]
[BlackElo "1802"]
[WhiteTeam "Botswana"]
[BlackTeam "Guam"]
[WhiteFideId "11300280"]
[BlackFideId "31000142"]
[EventDate "2014.08.02"]

1. e4 c6 2. c4 d5 3. exd5 cxd5 4. d4 e6 5. Nc3 Nf6 6. Nf3 Be7 7. Bd3 O-O 8. O-O
Nbd7 9. cxd5 exd5 10. Re1 Re8 11. Bf4 Nf8 12. h3 Ng6 13. Bh2 a6 14. Rc1 Bd7 15.
Ne5 Bd6 16. Qb3 Bc6 17. Re2 Bxe5 18. dxe5 Ne4 19. Nxe4 dxe4 20. Bxe4 Bb5 21.
Ree1 Qg5 22. Rc7 Re6 23. Bd5 Bc6 24. Rxc6 Rxc6 25. Bxc6 bxc6 26. e6 Qd5 27. e7
Re8 28. Qxd5 cxd5 29. Bd6 f6 30. f4 Kf7 31. Kf2 Nxe7 32. Rxe7+ Rxe7 33. Bxe7
Kxe7 34. Ke3 Kd6 35. Kd4 Kc6 36. f5 h5 37. g3 Kd6 38. b4 Kc6 39. a4 Kd6 40. b5
a5 41. h4 1-0

[Event "Olimpiade 2014 - Open"]
[Site "Tromsø"]
[Date "10.08.2014"]
[Round "8.63"]
[Board "3"]
[White "Orio, Rogelio L."]
[Black "Olebile, Thato"]
[Result "0-1"]
[BlackTitle "CM"]
[WhiteElo "1755"]
[BlackElo "2144"]
[WhiteTeam "Guam"]
[BlackTeam "Botswana"]
[WhiteFideId "31000118"]
[BlackFideId "11300760"]
[EventDate "2014.08.02"]

1. Nf3 d5 2. d4 Nf6 3. Bf4 Bf5 4. e3 c6 5. Nbd2 e6 6. c4 Nbd7 7. Qb3 Qb6 8. c5
Qxb3 9. Nxb3 Nh5 10. Be5 f6 11. Bg3 Nxg3 12. hxg3 g5 13. Be2 a5 14. a4 Be7 15.
Rc1 Kf7 16. Rh6 Kg7 17. Rh2 e5 18. Kd2 Ra7 19. Rch1 e4 20. Ne1 b6 21. g4 Bg6 22.
f4 gxf4 23. exf4 bxc5 24. dxc5 Bxc5 25. Nxc5 Nxc5 26. f5 Bf7 27. Nc2 Nxa4 28. b3
Nb6 29. Nd4 c5 30. Nb5 Rd7 31. Bd1 d4 32. Kc1 c4 33. bxc4 Bxc4 34. Na3 Bf7 35.
Kb1 Nd5 36. Nb5 Rb7 37. Ba4 Nc3+ 38. Ka1 Nxb5 39. g3 Nc3 40. Bc6 Rb6 41. Bd7 h5
42. gxh5 Rhb8 43. h6+ Kh7 0-1

[Event "Olimpiade 2014 - Open"]
[Site "Tromsø"]
[Date "10.08.2014"]
[Round "8.65"]
[Board "1"]
[White "Muniz Pardino, Alberto"]
[Black "Elarbi, Abobker"]
[Result "1/2-1/2"]
[BlackTitle "FM"]
[WhiteElo "2106"]
[BlackElo "2283"]
[WhiteTeam "Hong Kong"]
[BlackTeam "Libya"]
[WhiteFideId "2229560"]
[BlackFideId "9200355"]
[EventDate "2014.08.02"]

1. e4 e5 2. Nf3 Nc6 3. Bb5 a6 4. Ba4 Nf6 5. d4 exd4 6. e5 Ne4 7. O-O Be7 8. Nxd4
Nxd4 9. Qxd4 Nc5 10. Nc3 O-O 11. Nd5 Nxa4 12. Qxa4 c6 13. Nxe7+ Qxe7 14. Bf4 f6
15. Qb3+ Kh8 16. Qg3 Rg8 17. Rfe1 Qf7 18. Re2 fxe5 19. Rxe5 d6 20. Re2 d5 21.
Rae1 Bf5 22. c3 Rae8 23. Qg5 h6 24. Qg3 Rxe2 25. Rxe2 Kh7 26. Re5 Re8 27. Qe3
Rxe5 28. Qxe5 Bg6 29. Be3 Qf5 30. Qxf5 Bxf5 31. Kf1 1/2-1/2

[Event "Olimpiade 2014 - Open"]
[Site "Tromsø"]
[Date "10.08.2014"]
[Round "8.65"]
[Board "3"]
[White "Tsang, Hon Ki"]
[Black "Gator, Mosab"]
[Result "0-1"]
[WhiteTitle "FM"]
[BlackTitle "FM"]
[WhiteElo "2111"]
[BlackElo "2166"]
[WhiteTeam "Hong Kong"]
[BlackTeam "Libya"]
[WhiteFideId "6000185"]
[BlackFideId "1312383"]
[EventDate "2014.08.02"]

1. e4 c5 2. Nf3 Nc6 3. Bb5 g6 4. c3 Nf6 5. Qe2 Bg7 6. O-O O-O 7. d4 cxd4 8. cxd4
d5 9. e5 Ne8 10. h3 Nc7 11. Ba4 Rb8 12. Nc3 b5 13. Bxb5 Nxb5 14. Nxb5 Qb6 15. a4
a6 16. Nc3 Nxd4 17. Nxd4 Qxd4 18. Rd1 Qxe5 19. Qf3 Rb3 20. Bf4 Qe6 21. Re1 Qd7
22. Qxd5 Rxb2 23. Qxd7 Bxd7 24. Rxe7 Be6 25. Rc1 Bd4 26. Ne4 Re2 27. Ng5 Rxf2
28. Be5 Rc2+ 29. Bxd4 Rxc1+ 30. Kh2 Bf5 31. g4 Bb1 32. Ne6 Re1 33. Rb7 Rxe6 34.
Rxb1 Re4 35. Bf6 Rxa4 36. Kg3 Rc4 37. Ra1 Ra8 38. Ra5 Rb4 39. h4 Rb5 40. Ra1 a5
41. Ra4 Rb4 42. Ra1 a4 43. h5 a3 44. hxg6 fxg6 45. Ra2 g5 46. Kf3 Rf4+ 0-1

[Event "Olimpiade 2014 - Open"]
[Site "Tromsø"]
[Date "10.08.2014"]
[Round "8.65"]
[Board "4"]
[White "Asabri, Hussien"]
[Black "Chan, Chak Man"]
[Result "1/2-1/2"]
[WhiteTitle "FM"]
[BlackTitle "CM"]
[WhiteElo "2202"]
[BlackElo "1858"]
[WhiteTeam "Libya"]
[BlackTeam "Hong Kong"]
[WhiteFideId "9200177"]
[BlackFideId "6001300"]
[EventDate "2014.08.02"]

1. d4 Nf6 2. Nf3 g6 3. g3 Bg7 4. Bg2 O-O 5. c4 d6 6. Nc3 Nc6 7. O-O e5 8. d5 Ne7
9. e4 Ne8 10. Ne1 c6 11. Nd3 cxd5 12. cxd5 f5 13. f4 fxe4 14. Nxe4 Nf5 15. fxe5
dxe5 16. Bg5 Qb6+ 17. Kh1 Ned6 18. Nxd6 Qxd6 19. Nf2 Nd4 20. Ne4 Qa6 21. Rxf8+
Bxf8 22. g4 h6 23. Bf6 Bg7 24. Bxg7 Kxg7 25. Rc1 Bd7 26. Rc7 Rd8 27. Qc1 Qa5 28.
Rxb7 Qxd5 29. Qc5 Qe6 30. h3 Nc6 31. Nd6 Nd4 32. Nc4 Kf6 33. Bd5 Qxd5+ 34. Qxd5
Bc6 35. Qxc6+ Nxc6 36. Rc7 Rd1+ 37. Kg2 Nb4 38. Rxa7 Rc1 39. b3 e4 40. Rb7 Nxa2
41. h4 Rb1 42. Rb6+ Kg7 43. h5 gxh5 44. gxh5 Nc1 45. Rg6+ Kh7 46. Nd6 Rb2+ 47.
Kg1 Ne2+ 48. Kf1 Nf4 49. Rg4 Nxh5 50. Nxe4 Rxb3 51. Ke2 1/2-1/2

[Event "Olimpiade 2014 - Open"]
[Site "Tromsø"]
[Date "10.08.2014"]
[Round "8.66"]
[Board "1"]
[White "Prasad, Calvin"]
[Black "Shobaita, Ahmed"]
[Result "1-0"]
[WhiteTitle "CM"]
[BlackTitle "CM"]
[WhiteElo "2011"]
[BlackElo "2067"]
[WhiteTeam "Fiji"]
[BlackTeam "Palestine"]
[WhiteFideId "11400072"]
[BlackFideId "11500336"]
[EventDate "2014.08.02"]

1. d4 e6 2. c4 f5 3. g3 Nf6 4. Bg2 Be7 5. Nc3 O-O 6. Nf3 d6 7. O-O Qe8 8. Rb1
Qh5 9. b4 Ne4 10. Qc2 Nxc3 11. Qxc3 Bf6 12. c5 Kh8 13. cxd6 cxd6 14. Bf4 d5 15.
Rfc1 Nd7 16. b5 Nb6 17. Ne5 Bxe5 18. Bxe5 Nc4 19. Qb4 Qf7 20. Rxc4 dxc4 21. Qxc4
h6 22. Rc1 Kh7 23. Qa4 Rd8 24. b6 Bd7 25. Qb3 Rdc8 26. Rxc8 Bxc8 27. Qa3 a5 28.
Qc5 a4 29. a3 g5 30. g4 Kg8 31. h3 Qf8 32. Bd6 Qe8 33. gxf5 exf5 34. Be5 Qf7 35.
Qd6 Kh7 36. Bd5 Qe8 37. Qf6 Qd7 38. Bf7 1-0

[Event "Olimpiade 2014 - Open"]
[Site "Tromsø"]
[Date "10.08.2014"]
[Round "8.66"]
[Board "2"]
[White "Miswadah, Baha"]
[Black "Kumar, Manoj"]
[Result "1/2-1/2"]
[BlackTitle "CM"]
[WhiteElo "1803"]
[BlackElo "1987"]
[WhiteTeam "Palestine"]
[BlackTeam "Fiji"]
[WhiteFideId "11502118"]
[BlackFideId "11400064"]
[EventDate "2014.08.02"]

1. e4 e5 2. Nf3 Nf6 3. Bc4 Nc6 4. Nc3 Bc5 5. d3 h6 6. h3 d6 7. a3 a6 8. O-O O-O
9. Ne2 Be6 10. Bxe6 fxe6 11. c3 Bb6 12. Ng3 Qe8 13. d4 Qg6 14. Nh4 Qf7 15. Be3
Rae8 16. Qd2 Kh7 17. Nf3 exd4 18. cxd4 Kg8 19. Nh2 Qg6 20. Rae1 Nxe4 21. Nxe4
Qxe4 22. Nf3 Qg6 23. d5 Bxe3 24. Rxe3 exd5 25. Qxd5+ Qf7 26. Qxf7+ Kxf7 27. Rb3
Na5 28. Rc3 Nc6 29. Rb3 Na5 30. Rc3 c5 31. Rd1 Rd8 32. Nd2 Nc6 33. Ne4 Nd4 34.
Kf1 Rfe8 35. f3 b6 36. b4 Nf5 37. g4 Nd4 38. bxc5 dxc5 39. a4 a5 40. Rb1 Re6 41.
Kf2 Rd7 42. h4 Ke8 43. Rb2 Rf7 44. Re3 Kd8 45. Kg3 Kc7 46. Rf2 Rfe7 47. Rc3 Kc6
48. Rd2 Rd7 49. Kf2 Ree7 50. Ng3 Rf7 51. Ne4 Ne6 52. Rcd3 Rxd3 53. Rxd3 Rd7 54.
Rxd7 Kxd7 55. Ke3 Kc6 56. f4 b5 57. f5 Nd4 58. axb5+ Nxb5 59. g5 Nd4 60. Kf4
hxg5+ 61. hxg5 a4 62. Nc3 a3 63. Ke5 Nf3+ 64. Kf4 Nd4 65. Ke5 Ne2 66. f6 gxf6+
67. gxf6 Kd7 68. Na2 c4 69. Nb4 c3 70. Nc2 a2 71. Ke4 Nc1 72. Ke5 1/2-1/2

[Event "Olimpiade 2014 - Open"]
[Site "Tromsø"]
[Date "10.08.2014"]
[Round "8.66"]
[Board "3"]
[White "Goundar, Sanmogam"]
[Black "Tamra, Attallah"]
[Result "0-1"]
[WhiteTitle "CM"]
[WhiteElo "1952"]
[BlackElo "2081"]
[WhiteTeam "Fiji"]
[BlackTeam "Palestine"]
[WhiteFideId "11400110"]
[BlackFideId "11500255"]
[EventDate "2014.08.02"]

1. d4 Nf6 2. Nf3 e6 3. Bf4 c5 4. e3 b6 5. Bd3 Bb7 6. Nbd2 Be7 7. c3 cxd4 8. exd4
d6 9. O-O O-O 10. h3 Nbd7 11. Re1 Re8 12. Bh2 Bf8 13. Nc4 Qc7 14. Rc1 Rad8 15.
Qc2 Bxf3 16. gxf3 Qc6 17. f4 g6 18. Be2 Bh6 19. Ne3 b5 20. Qd3 a6 21. Ng4 Bg7
22. Bf3 Qb6 23. Qc2 b4 24. Red1 Rc8 25. Nxf6+ Bxf6 26. Qa4 Red8 27. Rd3 d5 28.
Rcd1 Rc4 29. Qb3 Rdc8 30. Be2 bxc3 31. Qxb6 Nxb6 32. Rxc3 Rxc3 33. bxc3 Rxc3 34.
Bxa6 Ra3 35. Bf1 Rxa2 36. f5 gxf5 37. Bd6 Nc4 38. Bc5 Nd2 39. Bb6 Ne4 40. f3 Nd2
41. Bg2 Nc4 0-1

[Event "Olimpiade 2014 - Open"]
[Site "Tromsø"]
[Date "10.08.2014"]
[Round "8.66"]
[Board "4"]
[White "Michel Yunis, Christian D."]
[Black "Sikivou, Taione"]
[Result "1-0"]
[WhiteTitle "IM"]
[WhiteElo "2311"]
[BlackElo "1817"]
[WhiteTeam "Palestine"]
[BlackTeam "Fiji"]
[WhiteFideId "3400085"]
[BlackFideId "11400153"]
[EventDate "2014.08.02"]

1. d4 d5 2. c4 c6 3. Nf3 Nf6 4. Nc3 a6 5. e3 e6 6. Qc2 Be7 7. b3 Nbd7 8. Bb2 O-O
9. Bd3 b6 10. O-O Bb7 11. Rad1 Qc7 12. Rfe1 Rfe8 13. Ne5 Rad8 14. f4 g6 15. Qe2
b5 16. c5 Bf8 17. g4 Nxe5 18. fxe5 Nd7 19. Rf1 Bg7 20. g5 Nxc5 21. dxc5 Qxe5 22.
Rd2 Qxg5+ 23. Kh1 f5 24. Nd1 e5 25. Qf2 Rf8 26. Rg1 Qe7 27. b4 e4 28. Bf1 Be5
29. Bxe5 Qxe5 30. Qg3 f4 31. exf4 Qxf4 32. Qxf4 Rxf4 33. Ne3 Bc8 34. Bg2 Be6 35.
Re1 Rdf8 36. Kg1 Kg7 37. a4 Kf6 38. axb5 axb5 39. Nc2 Ra8 40. Nd4 Bd7 41. Ne2
Rf5 42. Bxe4 Rg5+ 43. Bg2 Ra4 44. Nd4 Rxb4 45. Rf2+ Kg7 46. Re7+ Kg8 47. Nf3
Rb1+ 48. Rf1 Rxg2+ 49. Kxg2 Bh3+ 50. Kxh3 Rxf1 51. Ne5 Rc1 52. Nd7 b4 53. Nf6+
Kf8 54. Rb7 Rc3+ 55. Kg4 h6 56. Kf4 Rxc5 57. Nd7+ 1-0

[Event "Olimpiade 2014 - Open"]
[Site "Tromsø"]
[Date "10.08.2014"]
[Round "8.67"]
[Board "1"]
[White "Alice, Mateus Felizardo Viageiro"]
[Black "Cilia Vincenti, David"]
[Result "1-0"]
[WhiteTitle "FM"]
[BlackTitle "CM"]
[WhiteElo "2121"]
[BlackElo "2154"]
[WhiteTeam "Mozambique"]
[BlackTeam "Malta"]
[WhiteFideId "14800047"]
[BlackFideId "5600197"]
[EventDate "2014.08.02"]

1. e4 c5 2. Nf3 e6 3. d4 cxd4 4. Nxd4 a6 5. Bd3 Nf6 6. O-O Qc7 7. Kh1 d6 8. a4
b6 9. Nc3 Nbd7 10. Re1 Bb7 11. f4 Be7 12. f5 e5 13. Nb3 O-O 14. Qf3 Nc5 15. Nxc5
dxc5 16. b3 Rfd8 17. g4 h6 18. g5 hxg5 19. Bxg5 Ne8 20. Rg1 Rd6 21. Rg2 Bxg5 22.
Rxg5 Rh6 23. Rag1 Qe7 24. Bc4 Kf8 25. Bd5 Rd8 26. Qg2 f6 27. Rg6 Rxg6 28. fxg6
Bxd5 29. Nxd5 Qe6 30. c4 b5 31. axb5 axb5 32. Ra1 bxc4 33. bxc4 Rb8 34. h3 Rb3
35. Kh2 Qd7 36. Ra2 Qb7 37. Qf2 Kg8 38. Qxc5 Rb2+ 39. Rxb2 Qxb2+ 40. Kg3 Qb3+
41. Ne3 Nc7 42. Kf3 Ne6 43. Qc8+ Nf8 44. Qe8 Qb7 45. c5 Qd7 46. Qxd7 Nxd7 47. c6
Nb6 48. Nf5 Nc8 49. h4 1-0

[Event "Olimpiade 2014 - Open"]
[Site "Tromsø"]
[Date "10.08.2014"]
[Round "8.67"]
[Board "2"]
[White "Pace, Colin"]
[Black "Calicoca, Wilton Inacio"]
[Result "0-1"]
[WhiteTitle "CM"]
[WhiteElo "2139"]
[BlackElo "2218"]
[WhiteTeam "Malta"]
[BlackTeam "Mozambique"]
[WhiteFideId "5600189"]
[BlackFideId "14800268"]
[EventDate "2014.08.02"]

1. e4 e5 2. Nf3 Nc6 3. Bc4 Bc5 4. c3 d6 5. d4 exd4 6. cxd4 Bb6 7. Bb5 Bd7 8. O-O
Nf6 9. Nc3 O-O 10. h3 h6 11. e5 dxe5 12. dxe5 Nh7 13. Bf4 Re8 14. Qd2 Bf5 15.
Rad1 Qxd2 16. Rxd2 g5 17. Bg3 Nf8 18. Nd5 Kg7 19. Nxb6 axb6 20. Nd4 Nxd4 21.
Bxe8 c5 22. Rxd4 cxd4 23. Bb5 Rxa2 24. e6 Nxe6 25. Bc4 Rxb2 26. Bxe6 Bxe6 27.
Be5+ Kg6 28. Bxd4 Rb4 29. Be3 b5 30. Rd1 Rc4 31. Rb1 Bd7 32. Bd2 Bc6 33. Rb2 f5
34. f3 g4 35. hxg4 fxg4 36. fxg4 Rxg4 37. Be1 Kf5 38. g3 h5 39. Rb4 Rc4 40. Kf2
Rc5 41. Ke3 Re5+ 42. Kf2 Re8 43. Rf4+ Ke6 44. Rh4 Rf8+ 45. Ke3 Rf3+ 46. Ke2 Rf5
47. Rb4 Bd5 48. Rb1 Re5+ 49. Kf2 Bc4 50. Bb4 Re4 51. Rb2 Kf5 52. Bd6 Kg4 53. Bb4
Re5 54. Rd2 Rf5+ 55. Kg2 Bd5+ 56. Kh2 Bc6 57. Rd4+ Kf3 58. Bd2 Ke2 59. Bf4 Rd5
60. Re4+ Kd3 61. Re3+ Kc4 62. Re1 b4 63. Rc1+ Kb5 64. Rb1 Rd3 65. Kg1 b3 66. Be5
Re3 67. Bf4 Rf3 68. Be5 Kc4 69. Rc1+ Kd5 70. Re1 Kc4 71. Rc1+ Kd3 72. Rb1 Ke4
73. Bc7 Bd5 74. Kh2 Rf2+ 75. Kh3 b2 76. Bb6 Be6+ 77. Kh4 Rh2+ 78. Kg5 Ba2 0-1

[Event "Olimpiade 2014 - Open"]
[Site "Tromsø"]
[Date "10.08.2014"]
[Round "8.67"]
[Board "3"]
[White "Maia, Mariano Tesoura De"]
[Black "Zerafa, Robert"]
[Result "1-0"]
[BlackTitle "CM"]
[WhiteElo "2141"]
[BlackElo "2084"]
[WhiteTeam "Mozambique"]
[BlackTeam "Malta"]
[WhiteFideId "14800136"]
[BlackFideId "5600618"]
[EventDate "2014.08.02"]

1. d4 Nf6 2. c4 g6 3. Nc3 Bg7 4. e4 d6 5. f3 O-O 6. Be3 e5 7. Nge2 exd4 8. Nxd4
Re8 9. Nc2 Be6 10. Qd2 Nbd7 11. Be2 Nb6 12. b3 c6 13. O-O Qe7 14. Rad1 Nfd7 15.
Bd4 Bxd4+ 16. Qxd4 d5 17. cxd5 cxd5 18. exd5 Bxd5 19. Nxd5 Qxe2 20. Nce3 Nxd5
21. Nxd5 Qe5 22. Qxe5 Rxe5 23. Nc7 Rd8 24. Rd6 Rc5 25. Nd5 Kf8 26. Rd1 Rcc8 27.
Nf6 Ke7 28. Nxh7 Ne5 29. Rxd8 Rxd8 30. Re1 Kd6 31. Ng5 Rd7 32. Rd1+ Ke7 33.
Rxd7+ Nxd7 34. Kf2 Kf6 35. h4 Nb6 36. Ne4+ Ke5 37. Nc5 Nd5 38. Nxb7 Kd4 39. Nd6
Kc3 40. Nc4 Nb4 41. g4 Nd5 42. h5 gxh5 43. gxh5 Nf6 44. h6 Nh7 45. Ke3 Kb4 46.
Kd4 a5 47. Nb6 Ka3 48. Kc3 f5 49. Nc4+ Kxa2 50. Nxa5 f4 51. b4 Nf6 52. b5 1-0

[Event "Olimpiade 2014 - Open"]
[Site "Tromsø"]
[Date "10.08.2014"]
[Round "8.67"]
[Board "4"]
[White "Zerafa, Patrick"]
[Black "Abrantes, Persson"]
[Result "1-0"]
[WhiteTitle "CM"]
[BlackTitle "CM"]
[WhiteElo "2079"]
[BlackElo "1986"]
[WhiteTeam "Malta"]
[BlackTeam "Mozambique"]
[WhiteFideId "5600375"]
[BlackFideId "14800063"]
[EventDate "2014.08.02"]

1. d4 Nf6 2. c4 g6 3. Nc3 Bg7 4. e4 d6 5. f3 O-O 6. Be3 Re8 7. Qd2 c6 8. Bd3 e5
9. d5 Na6 10. Rc1 Nh5 11. Nge2 f5 12. a3 f4 13. Bf2 Qg5 14. g4 Bxg4 15. Rg1 Nf6
16. fxg4 Nxg4 17. h3 h5 18. hxg4 hxg4 19. Kd1 Bh6 20. Kc2 Kg7 21. Kb1 Rh8 22.
Bc2 f3 23. Qxg5 Bxg5 24. Rcf1 fxe2 25. Nxe2 Rh2 26. Rxg4 Bd2 27. Ng3 Bf4 28. Bg1
Rh3 29. Nf5+ Kf6 30. Nxd6 g5 31. Nf5 cxd5 32. cxd5 b5 33. Rd1 b4 34. Bd3 bxa3
35. Bxa6 Rb8 36. Rg2 Rhb3 37. Rd3 Rxb2+ 38. Rxb2 Rxb2+ 39. Ka1 Rb4 40. d6 Kf7
41. d7 1-0

[Event "Olimpiade 2014 - Open"]
[Site "Tromsø"]
[Date "10.08.2014"]
[Round "8.68"]
[Board "1"]
[White "Liu, Yeh Yang"]
[Black "Asefi, Zaheeruddeen"]
[Result "1-0"]
[BlackTitle "FM"]
[WhiteElo "1920"]
[BlackElo "1996"]
[WhiteTeam "Chinese Taipei"]
[BlackTeam "Afghanistan"]
[WhiteFideId "16300416"]
[BlackFideId "11700025"]
[EventDate "2014.08.02"]

1. e4 g6 2. d4 Bg7 3. Nc3 c5 4. Nf3 a6 5. Be3 Nf6 6. dxc5 Ng4 7. Qd2 Nxe3 8.
Qxe3 Qa5 9. e5 Nc6 10. Bc4 b6 11. cxb6 Nxe5 12. Nxe5 Qxe5 13. O-O Qxe3 14. fxe3
e6 15. Na4 d5 16. Bb3 Bd7 17. Nc5 Bb5 18. Ba4 Bxa4 19. Nxa4 Ke7 20. Nc5 f5 21.
c3 Kd6 22. Na4 Rac8 23. Rad1 Kc6 24. Rd3 Kb5 25. b3 a5 26. Kf2 h5 27. Ke2 g5 28.
Kd2 Be5 29. Rxf5 Bxh2 30. Rxg5 Rhg8 31. c4+ Kb4 32. b7 Rcf8 33. Rxg8 Rxg8 34.
cxd5 Rxg2+ 35. Kd1 exd5 36. Nb6 Kc5 37. Nd7+ Kc6 38. b8=Q Bxb8 39. Nxb8+ Kc7 40.
Rxd5 Kxb8 41. Rxa5 h4 42. Rh5 Rh2 43. a4 h3 44. e4 Kc7 45. Rh6 Rh1+ 46. Ke2 h2
47. Kf3 Rf1+ 48. Kg2 Rb1 49. Rh3 h1=Q+ 50. Rxh1 Rxb3 51. Rc1+ Kd6 52. Rc4 Ke5
53. Kf2 Kf4 54. Ke2 Re3+ 55. Kd2 Ra3 56. Kc2 Ke5 57. Kb2 Re3 58. a5 Rh3 59. a6
Rh7 60. Kc3 Ra7 61. Ra4 Kd6 62. Kb4 Kc6 63. Ka5 Kc5 64. Ra1 Ra8 65. Rc1+ Kd6 66.
Rc4 Kd7 67. e5 Ke6 68. Kb6 Rb8+ 69. Kc7 Rb1 70. a7 Ra1 71. Kb7 Rb1+ 72. Ka6 Ra1+
73. Kb6 Rb1+ 74. Ka5 1-0